Lo posthumano /

Bibliographic Details
Main Author: Braidotti, Rosi (Author)
Other Authors: Vitale, Carlos, 1953- (Translator)
Format: Electronic eBook
Language:Spanish
English
Published: Barcelona : Herder Editorial, 2025.
Edition:1a edición digital.
Subjects:
Online Access:Digitalia Hispánica

MARC

LEADER 00000nam a2200000Ii 4500
001 DIGHERDER0745
003 NyNyDIG
006 m o d
007 cr |||||||||||
008 250818s2025 sp a ob 000 0 spa d
035 |a (OCoLC)1511109531 
040 |a DGITA  |b eng  |e rda  |e pn  |c DGITA 
020 |a 9788425452581  |q ePub 
020 |z 9788425452147 
041 1 |a spa  |h eng 
050 1 4 |a BD450 ebook 
100 1 |a Braidotti, Rosi,  |e author. 
240 1 0 |a Posthuman.  |l Spanish  |s (Vitale) 
245 1 3 |a Lo posthumano /  |c Rosi Braidotti ; traducción de Juan Carlos Gentile Vitale. 
250 |a 1a edición digital. 
264 1 |a Barcelona :  |b Herder Editorial,  |c 2025. 
300 |a 1 online resource :  |b illustrations. 
336 |a text  |b txt  |2 rdacontent 
337 |a computer  |b c  |2 rdamedia 
338 |a online resource  |b cr  |2 rdacarrier 
347 |a text file  |2 rdaft 
347 |b EPUB 
504 |a Includes bibliographical references. 
588 0 |a Online resource; title from ePub title page (Digitalia, viewed August 18, 2025) 
650 0 |a Philosophical anthropology. 
650 0 |a Human beings. 
700 1 |a Vitale, Carlos,  |d 1953-  |e translator. 
700 1 |i Translation of:  |a Braidotti, Rosi.  |t Posthuman. 
776 0 8 |i Print version:  |a Braidotti, Rosi.  |s Posthuman. Spanish (Vitale).  |t Posthumano.  |d Barcelona : Herder Editorial, 2025  |z 9788425452147 
791 2 |a Digitalia (Firm),  |e distributor. 
793 0 |g Digitalia eBook Collection:  |a Herder Editorial 
856 4 0 |3 Digitalia Hispánica  |u https://www.digitaliapublishing.com/a/175874/ 
910 |a Premium collection: 2025